Principles And Functions Of Marketing Research (Record no. 89107)
[ view plain ]
| 000 -LEADER | |
|---|---|
| fixed length control field | 00525nam a2200193Ia 4500 |
| 008 - FIXED-LENGTH DATA ELEMENTS--GENERAL INFORMATION | |
| fixed length control field | 230125s9999 xx 000 0 und d |
| 020 ## - INTERNATIONAL STANDARD BOOK NUMBER | |
| International Standard Book Number | 81-87336-00-5 |
| 041 ## - LANGUAGE CODE | |
| Language code of text/sound track or separate title | eng |
| 082 ## - DEWEY DECIMAL CLASSIFICATION NUMBER | |
| Classification number | 658.838 |
| Item number | BHA |
| 100 ## - MAIN ENTRY--PERSONAL NAME | |
| Personal name | Bhambra A S |
| 9 (RLIN) | 112166 |
| 245 ## - TITLE STATEMENT | |
| Title | Principles And Functions Of Marketing Research |
| 260 ## - PUBLICATION, DISTRIBUTION, ETC. (IMPRINT) | |
| Date of publication, distribution, etc. | 1999 |
| Name of publisher, distributor, etc. | Dominant publisher |
| Place of publication, distribution, etc. | Delhi |
| 300 ## - PHYSICAL DESCRIPTION | |
| Extent | 289p |
| 500 ## - GENERAL NOTE | |
| Keywords | Marketing research |
| 500 ## - GENERAL NOTE | |
| Keywords | Marketing research |
| 650 ## - SUBJECT ADDED ENTRY--TOPICAL TERM | |
| Topical term or geographic name as entry element | Marketing Management |
| 700 ## - ADDED ENTRY--PERSONAL NAME | |
| Personal name | Bhambra A S |
| 9 (RLIN) | 112166 |
| Withdrawn status | Lost status | Damaged status | Not for loan | Home library | Current library | Date acquired | Vendor | Cost, normal purchase price | Total Checkouts | Full call number | Barcode | Date last seen | Cost, replacement price | Bill Date | Koha item type | Original Barcode |
|---|---|---|---|---|---|---|---|---|---|---|---|---|---|---|---|---|
| Smt. Hiraben Nanavati Institute of Management & Research for Women | Smt. Hiraben Nanavati Institute of Management & Research for Women | 15/03/2002 | System sales | 495.00 | 658.838 BHA B02945 | HIMR-BK-2945 | 25/01/2023 | 495.00 | 15/03/2002 | Books | B02945 |